000 00388cam a22001337a 4500
008 180718b1949 xxu||||| |||| 00| 0 eng d
082 _aL242 G117
100 _aGadgil, N.V.
245 _aStudies in death duties
_cby N.V. Gadgil and V. Vithal Babu
260 _aBombay
_bNational Information & Publications
_c1949
300 _a294p.
650 _aDeath duties
700 _aBabu, V. Vithal
999 _c437927
_d437927